000 00519nam a2200217Ia 4500
003 OSt
005 20220918173729.0
006 a|||||r|||| 00| 0
007 ta
008 220917b |||||||| |||| 00| 0 eng d
024 _a8,067
037 _cTextual
040 _aARTS
_cARTS
_beng
041 _2eng
_aeng
082 _a773:N05, H4
100 _aAdams Dorothy
_947186
245 0 _aWe stood alone
260 _c1942
942 _h773:N05, H4
_cTEXL
_2CC
999 _c149858
_d149858